000 01166nam a2200349 a 4500
001 37700
003 BD-RjUL
005 20211209052633.0
008 980917s1998 fr a b i000 0 eng d
020 _a9231034499
035 _a(BD-RjUL)
035 _a(OCoLC)39227011
040 _aJNA
_cJNA
_dAGX
_dDLC
_beng
041 _aeng
072 0 _aM000
082 0 0 _a597.17698095
_221
100 1 _aJeyaseelan, M. J. Prince.
_9115965
245 1 0 _aManual of fish eggs and larvae from Asian mangrove waters /
_cM.J. Prince Jeyaseelan with the collaboration of N. Ramanathan ... [et al.] ; editorial advisor, M. Vannucci.
260 _aParis :
_bUnesco Pub.,
_c1998.
300 _axv, 193 p. :
_bill. ;
_c30 cm.
500 _aOn cover: ISME.
504 _aIncludes bibliographical references (p. 187-193).
650 0 _aFishes
_zAsia.
_9115966
650 0 _aFishes
_xEggs
_zAsia.
_9115967
650 0 _aFishes
_xLarvae
_zAsia.
_9115968
650 0 _aMangrove animals
_zAsia.
_9115969
710 2 _aUnesco.
_9115970
710 2 _aInternational Society for Mangrove Ecosystems.
_9115971
942 _2ddc
_cBK
999 _c37700
_d37700